[Event "Open SSM A Agosto"]
[Site "Milano ITA"]
[Date "2010.08.01"]
[Round "4"]
[White "Colombo, Luca"]
[Black "Bisignano, Giuseppe"]
[Result "1-0"]
[WhiteElo "1907"]
[BlackElo "1940"]
[PlyCount "71"]
[EventDate "2010.07.30"]

1. e4 e5 2. Nf3 Nc6 3. Bb5 a6 4. Bxc6 dxc6 5. O-O f6 6. d4 Bg4 7. dxe5 Qxd1 8.
Rxd1 fxe5 9. h3 Bxf3 10. gxf3 Be7 11. Be3 Nf6 12. Nc3 O-O 13. Kh1 Nh5 14. Kg2
Nf4+ 15. Bxf4 Rxf4 16. Ne2 Rf6 17. Rd3 Raf8 18. Rad1 g5 19. Ng3 Bd6 20. Nf5 h5
21. Rg1 Kh7 22. Kf1 Rxf5 23. exf5 Rxf5 24. Ke2 Kh6 25. a3 Bc5 26. Rd8 e4 27.
Rh8+ Kg6 28. Rg8+ Kh6 29. fxe4 Rxf2+ 30. Kd1 Be3 31. Rg3 Bf4 32. Rd3 Bd6 33.
Re8 Rf4 34. e5 Re4 35. Re6+ Kg7 36. exd6 1-0

[Event "Open SSM A Agosto"]
[Site "Milano ITA"]
[Date "2010.08.01"]
[Round "4"]
[White "Giannotti, Salvatore"]
[Black "Quaranta, Cristiano"]
[Result "1-0"]
[WhiteElo "1865"]
[BlackElo "2126"]
[PlyCount "61"]
[EventDate "2010.07.30"]

1. d4 d5 2. Nf3 Nf6 3. e3 Bf5 4. c4 c6 5. Nc3 e6 6. Qb3 Qb6 7. c5 Qc7 8. Ne5
Nbd7 9. f4 Be7 10. Be2 h6 11. Bd2 Be4 12. Nxe4 Nxe4 13. Qc2 Nxe5 14. fxe5 f6
15. Bh5+ Kd7 16. exf6 Bxf6 17. O-O Raf8 18. Bg6 Ng5 19. Be1 Be7 20. Bg3 Qc8 21.
b4 Rxf1+ 22. Rxf1 Rf8 23. Rb1 Nf7 24. b5 Bg5 25. Qb3 Nd8 26. e4 Bf6 27. Qd3
cxb5 28. exd5 exd5 29. Qf5+ Ne6 30. Qxd5+ Ke7 31. Qd6# 1-0

[Event "Open SSM A Agosto"]
[Site "Milano ITA"]
[Date "2010.08.01"]
[Round "4"]
[White "Lapiccirella, Daniele"]
[Black "Pace, Pietro Dario"]
[Result "1/2-1/2"]
[WhiteElo "2212"]
[BlackElo "2305"]
[PlyCount "26"]
[EventDate "2010.07.30"]

1. d4 d5 2. c4 c6 3. Nf3 Nf6 4. e3 e6 5. Bd3 Nbd7 6. O-O dxc4 7. Bxc4 c5 8. Nc3
cxd4 9. exd4 Nb6 10. Bb3 Be7 11. Qe2 O-O 12. Bg5 Nbd5 13. Ne5 Nxc3 1/2-1/2

[Event "Open SSM A Agosto"]
[Site "Milano ITA"]
[Date "2010.08.01"]
[Round "4"]
[White "Margstahler, Francesco"]
[Black "Vallone, Ugo"]
[Result "0-1"]
[WhiteElo "1804"]
[BlackElo "1931"]
[PlyCount "58"]
[EventDate "2010.07.30"]

1. e4 c6 2. d4 d5 3. exd5 cxd5 4. c4 e6 5. Nc3 Nf6 6. Nf3 Be7 7. cxd5 exd5 8.
Bg5 O-O 9. Be2 Nbd7 10. O-O Re8 11. Re1 a6 12. Qb3 h6 13. Bh4 Qb6 14. Qxb6 Nxb6
15. Rac1 Bf5 16. Ne5 g5 17. Bg3 Rac8 18. h3 Bb4 19. Red1 Bxc3 20. bxc3 Ne4 21.
Bh5 Re7 22. Rd3 Nf6 23. Rf3 Nxh5 24. Rxf5 f6 25. Ng4 Kg7 26. Bd6 Rd7 27. Bb4
Re8 28. Kf1 Nc4 29. Rc2 a5 0-1

[Event "Open SSM A Agosto"]
[Site "Milano ITA"]
[Date "2010.08.01"]
[Round "4"]
[White "Pelizzola, Danilo"]
[Black "Bozzali, Ermanno"]
[Result "0-1"]
[WhiteElo "2092"]
[BlackElo "2145"]
[PlyCount "120"]
[EventDate "2010.07.30"]

1. e4 c5 2. Nf3 d6 3. d4 cxd4 4. Nxd4 Nf6 5. Nc3 a6 6. Be2 e5 7. Nb3 Be7 8. Be3
O-O 9. O-O Be6 10. Qd2 Nbd7 11. Rfd1 Rc8 12. a4 Nb6 13. a5 Nc4 14. Bxc4 Rxc4
15. f3 Qd7 16. Qe1 Rfc8 17. Rd3 Rb4 18. Nd5 Bxd5 19. Qxb4 Bc4 20. Qd2 Bxd3 21.
Qxd3 Qc6 22. c3 d5 23. Bg5 dxe4 24. fxe4 Rd8 25. Qe2 h6 26. Bxf6 Bxf6 27. Nd2
b5 28. Nf3 Be7 29. Rf1 b4 30. cxb4 Bxb4 31. Kh1 f6 32. Qe3 Bxa5 33. Nh4 Qc4 34.
Qf3 Qd3 35. Qf5 Qd7 36. Qh5 Qd3 37. Qf5 Qd7 38. Qh5 Qd2 39. Nf5 Qg5 40. Qe2 Rd2
41. Qc4+ Kh7 42. Rg1 Bd8 43. Qxa6 Rxb2 44. Qa3 Rd2 45. Qb3 h5 46. h4 Qg4 47.
Qf3 g6 48. Qxg4 hxg4 49. Ng3 Bb6 50. Rb1 Bf2 51. Nf1 Re2 52. g3 Rxe4 53. Rb7+
Kh6 54. Kg2 Bd4 55. h5 Re2+ 56. Kh1 gxh5 57. Rf7 Kg6 58. Rf8 e4 59. Rg8+ Kf5
60. Rh8 e3 0-1

[Event "Open SSM A Agosto"]
[Site "Milano ITA"]
[Date "2010.08.01"]
[Round "4"]
[White "Quagliarella, Sabino Remo"]
[Black "Paganini, Andrea"]
[Result "1-0"]
[WhiteElo "1946"]
[BlackElo "1810"]
[PlyCount "73"]
[EventDate "2010.07.30"]

1. d4 d5 2. c4 e5 3. dxe5 d4 4. e3 Bb4+ 5. Bd2 dxe3 6. Qa4+ Nc6 7. Bxb4 exf2+
8. Kxf2 Qd4+ 9. Ke1 Qh4+ 10. Kd1 Bd7 11. Qa3 Qf2 12. Nf3 Bg4 13. Nbd2 O-O-O 14.
Be2 Qxg2 15. Rg1 Qh3 16. Rg3 Qh5 17. Ke1 Nh6 18. Bc5 Nf5 19. Rg1 Kb8 20. Bf2
Rhe8 21. Rd1 a6 22. Qc5 Rxd2 23. Rxd2 Bxf3 24. b4 Bxe2 25. Rxe2 Qh6 26. Kf1 Rd8
27. Kg2 Qf4 28. Bg3 Qg4 29. Qf2 Ncd4 30. Rd1 Kc8 31. Red2 h5 32. Qf4 Nh4+ 33.
Kf2 Qxf4+ 34. Bxf4 Ne6 35. Rxd8+ Nxd8 36. Rxd8+ Kxd8 37. Bg5+ 1-0

[Event "Open SSM A Agosto"]
[Site "Milano ITA"]
[Date "2010.08.01"]
[Round "4"]
[White "Regorda, Vittorio"]
[Black "Di Chiara, Mauro"]
[Result "1/2-1/2"]
[WhiteElo "1859"]
[BlackElo "1965"]
[PlyCount "117"]
[EventDate "2010.07.30"]

1. d4 d6 2. Nf3 Nf6 3. g3 g6 4. Bg2 Bg7 5. O-O O-O 6. Nbd2 d5 7. b3 Ne4 8. Bb2
c5 9. e3 Nc6 10. a3 Bg4 11. Qc1 Nxd2 12. Qxd2 Bxf3 13. Bxf3 cxd4 14. exd4 Rc8
15. Rfe1 e6 16. Rad1 Qf6 17. Bg2 Rc7 18. Bf1 Rfc8 19. c4 dxc4 20. bxc4 Rd8 21.
Ba1 Nxd4 22. Bxd4 Rxd4 23. Qxd4 Qxd4 24. Rxd4 Bxd4 25. Kg2 e5 26. Rd1 Kf8 27.
f4 f6 28. Kf3 Ke7 29. fxe5 Bxe5 30. Rd5 Rc6 31. Ra5 a6 32. Rd5 Rd6 33. Ke4 Ke6
34. Rxd6+ Kxd6 35. Kd3 f5 36. a4 Kc5 37. Be2 Kb4 38. Bd1 f4 39. gxf4 Bxf4 40.
h3 Be5 41. Bc2 Bf6 42. Bd1 h5 43. Bc2 g5 44. Bd1 h4 45. Bf3 Kxa4 46. Bxb7 a5
47. Bc8 Kb3 48. c5 a4 49. c6 Bd8 50. Ke4 Kb4 51. Kf5 Kc5 52. c7 Bxc7 53. Kxg5
Kc4 54. Kf5 a3 55. Be6+ Kd4 56. Kg4 Bd8 57. Kf3 Kd3 58. Bg8 Kd2 59. Kg2 1/2-1/2

[Event "Open SSM A Agosto"]
[Site "Milano ITA"]
[Date "2010.08.01"]
[Round "4"]
[White "Simone, Marco"]
[Black "Gonella, Daniele"]
[Result "0-1"]
[WhiteElo "1854"]
[BlackElo "1982"]
[PlyCount "82"]
[EventDate "2010.07.30"]

1. e4 e5 2. Bc4 Nf6 3. Nc3 c6 4. Nf3 Nxe4 5. Nxe4 d5 6. Bb3 dxe4 7. Nxe5 Qg5 8.
Bxf7+ Kd8 9. d4 Qxg2 10. Rf1 Be7 11. Qh5 Nd7 12. Nxc6+ bxc6 13. Qa5+ Nb6 14.
Be3 Qf3 15. d5 Qxf7 16. Bxb6+ axb6 17. Qxb6+ Ke8 18. Qxc6+ Kf8 19. Qxa8 Qf5 20.
O-O-O Bd6 21. Qc6 Bf4+ 22. Kb1 Kf7 23. d6 Bd7 24. Qc4+ Qe6 25. Qxe6+ Kxe6 26.
Rd4 Ke5 27. Rfd1 Bxh2 28. Rd5+ Ke6 29. c4 Be5 30. c5 h5 31. b4 h4 32. b5 Bxb5
33. d7 Rd8 34. Rd6+ Bxd6 35. Rxd6+ Ke7 36. Rg6 Bxd7 37. Rxg7+ Kf6 38. Rh7 Kg5
39. Kb2 Kg4 40. Kc3 Bf5 41. c6 Bxh7 0-1

[Event "Open SSM A Agosto"]
[Site "Milano ITA"]
[Date "2010.08.01"]
[Round "4"]
[White "Tagliaferri, Valerio"]
[Black "Attuati, Stefano"]
[Result "0-1"]
[WhiteElo "1882"]
[BlackElo "1900"]
[PlyCount "56"]
[EventDate "2010.07.30"]

1. d4 e6 2. c4 f5 3. Nc3 d5 4. Nf3 Nf6 5. Bg5 c6 6. e3 Bd6 7. Ne5 O-O 8. f4 Qe8
9. Bxf6 gxf6 10. Nf3 e5 11. c5 Bc7 12. fxe5 fxe5 13. Nxe5 Bxe5 14. dxe5 f4 15.
Qd4 fxe3 16. O-O-O Nd7 17. Re1 Qxe5 18. Qxe5 Nxe5 19. Rxe3 Nd7 20. Na4 b5 21.
cxb6 axb6 22. Nc3 d4 23. Rg3+ Kh8 24. Ne4 Rxa2 25. Kb1 Ra7 26. Bd3 Ne5 27. Bc2
Bf5 28. Rd1 d3 0-1

[Event "Open SSM A Agosto"]
[Site "Milano ITA"]
[Date "2010.08.02"]
[Round "5"]
[White "Attuati, Stefano"]
[Black "Crippa, Gabriele"]
[Result "0-1"]
[WhiteElo "1900"]
[BlackElo "2090"]
[PlyCount "126"]
[EventDate "2010.07.30"]

1. e4 Nf6 2. e5 Nd5 3. d4 d6 4. c4 Nb6 5. f4 dxe5 6. fxe5 Bf5 7. Be3 e6 8. Nc3
Bb4 9. a3 Bxc3+ 10. bxc3 c5 11. Nf3 O-O 12. Bd3 Bxd3 13. Qxd3 Nc6 14. Ng5 g6
15. Bf4 h6 16. Nf3 Kg7 17. Rd1 Ne7 18. Bxh6+ Kxh6 19. Qe3+ Kg7 20. dxc5 Nbd5
21. cxd5 Nxd5 22. Qd4 Qa5 23. O-O Qxc3 24. Qxc3 Nxc3 25. Rd7 Ne4 26. Rxb7 Nxc5
27. Rc7 Rfc8 28. Rxc8 Rxc8 29. Rc1 Rc7 30. Rc4 Na6 31. Ra4 Nb8 32. Nd4 Nd7 33.
Nb5 Rc2 34. Rxa7 Nxe5 35. Nd4 Rc1+ 36. Kf2 Kf6 37. a4 Rc4 38. Nb5 Kg5 39. h3 f5
40. a5 Nc6 41. Ra8 Rc2+ 42. Kf1 Ra2 43. a6 Ra5 44. Nc7 e5 45. Re8 Kf4 46. Re6
Ra1+ 47. Kf2 Ra2+ 48. Kf1 Ra1+ 49. Kf2 Nd4 50. Rxg6 e4 51. Ne6+ Nxe6 52. Rxe6
Ra2+ 53. Kf1 Ke3 54. g4 f4 55. Rb6 Kf3 56. Rb1 Rxa6 57. g5 Ra2 58. h4 Rh2 59.
Kg1 Rxh4 60. Rf1+ Ke3 61. Re1+ Kd3 62. Rd1+ Ke2 63. Rd5 f3 0-1

[Event "Open SSM A Agosto"]
[Site "Milano ITA"]
[Date "2010.08.02"]
[Round "5"]
[White "Bemporad, Filippo"]
[Black "Quagliarella, Sabino Remo"]
[Result "0-1"]
[WhiteElo "2061"]
[BlackElo "1946"]
[PlyCount "82"]
[EventDate "2010.07.30"]

1. d4 d5 2. Nf3 Nf6 3. c4 e6 4. g3 c6 5. Bg2 Nbd7 6. O-O Be7 7. Nc3 O-O 8. Nd2
Re8 9. e4 dxe4 10. Ndxe4 Nxe4 11. Nxe4 Nf6 12. Nc3 h6 13. Be3 Qa5 14. a3 Bd7
15. b4 Qc7 16. Rc1 a5 17. Qb3 axb4 18. axb4 Ra6 19. Ra1 Rea8 20. Rxa6 Rxa6 21.
Na4 b6 22. b5 cxb5 23. cxb5 Ra5 24. Bc6 Bxc6 25. bxc6 Qxc6 26. Nb2 Ra3 27. Qc4
Qb7 28. Qb5 Ra5 29. Qb3 Nd5 30. Nc4 Ra8 31. Rb1 Bb4 32. Bd2 Bxd2 33. Nxd2 Qa6
34. Nc4 Rc8 35. Ne5 Qe2 36. Qb5 Rc1+ 37. Kg2 Qe4+ 38. f3 Qxb1 39. Qe8+ Kh7 40.
Nxf7 Rg1+ 41. Kh3 Qf5+ 0-1

[Event "Open SSM A Agosto"]
[Site "Milano ITA"]
[Date "2010.08.02"]
[Round "5"]
[White "Borin, Fabio"]
[Black "Cazzaniga, Walter"]
[Result "0-1"]
[WhiteElo "2132"]
[BlackElo "2097"]
[PlyCount "68"]
[EventDate "2010.07.30"]

1. e4 e6 2. Nf3 d5 3. Nc3 Nf6 4. e5 Ne4 5. Ne2 Bc5 6. d4 Be7 7. g3 c5 8. Bg2
Nc6 9. O-O f6 10. c4 O-O 11. cxd5 exd5 12. Nf4 g5 13. Nh5 Bg4 14. Nxf6+ Bxf6
15. h3 Bxf3 16. Bxf3 Bg7 17. dxc5 Nxe5 18. Bg2 Nc6 19. Qg4 h6 20. Be3 Qc7 21.
Rad1 Rad8 22. b3 Nf6 23. Qa4 Ne4 24. Rc1 Nc3 25. Qa3 d4 26. Bd2 Ne2+ 27. Kh2 d3
28. b4 Ncd4 29. Qxa7 Nf3+ 30. Bxf3 Rxf3 31. c6 Qe5 32. Qxb7 Rxg3 33. f4 Qe4 34.
Rg1 Qf3 0-1

[Event "Open SSM A Agosto"]
[Site "Milano ITA"]
[Date "2010.08.02"]
[Round "5"]
[White "Bozzali, Ermanno"]
[Black "Lapiccirella, Daniele"]
[Result "0-1"]
[WhiteElo "2145"]
[BlackElo "2212"]
[PlyCount "72"]
[EventDate "2010.07.30"]

1. d4 d5 2. c4 c6 3. Nf3 Nf6 4. e3 e6 5. b3 Bd6 6. Bb2 O-O 7. Bd3 b6 8. O-O Bb7
9. Nbd2 c5 10. Qe2 Nc6 11. Rad1 Qe7 12. e4 dxe4 13. Nxe4 Nxe4 14. Qxe4 f5 15.
Qe2 cxd4 16. Nxd4 Nxd4 17. Bxd4 e5 18. Rfe1 Rae8 19. Qh5 Qd7 20. Bc3 Qc6 21.
Bf1 Re6 22. Rd5 Qc7 23. Rd2 Rh6 24. Qd1 e4 25. h3 Bc6 26. Qa1 Bh2+ 27. Kh1 Bf4
28. Rd4 Qe7 29. Bd2 Bxd2 30. Rxd2 f4 31. Kh2 Qg5 32. Qd4 e3 33. Rd3 Rg6 34.
Rdd1 Bxg2 35. Be2 Qh4 36. Qd7 Qxf2 0-1

[Event "Open SSM A Agosto"]
[Site "Milano ITA"]
[Date "2010.08.02"]
[Round "5"]
[White "Colombo, Luca"]
[Black "Cani, Gazmir"]
[Result "0-1"]
[WhiteElo "1907"]
[BlackElo "2060"]
[PlyCount "94"]
[EventDate "2010.07.30"]

1. e4 c5 2. Nc3 d6 3. g3 g6 4. d3 Bg7 5. Bg2 e6 6. Be3 Nc6 7. Qd2 Nd4 8. Nd1
Ne7 9. c3 Ndc6 10. Bh6 O-O 11. Bxg7 Kxg7 12. Ne3 Rb8 13. Ne2 b5 14. O-O Bb7 15.
f4 f5 16. g4 d5 17. exf5 exf5 18. gxf5 d4 19. f6+ Rxf6 20. Ng4 Nf5 21. Nxf6
Qxf6 22. Ng3 Ne3 23. Ne4 Nxf1 24. Rxf1 Qf5 25. Nd6 Qd7 26. Nxb7 Rxb7 27. f5 Rb8
28. Be4 Rf8 29. Qg2 Ne5 30. Qg5 Rf6 31. fxg6 Rxf1+ 32. Kxf1 Qh3+ 33. Qg2 Qxg2+
34. Kxg2 hxg6 35. cxd4 cxd4 36. Kg3 b4 37. Kf4 Kf6 38. h4 Nd7 39. Bc6 Nc5 40.
Bb5 Nb7 41. Bc4 Nd6 42. Bd5 a5 43. Bc6 Nf5 44. Ke4 Ke6 45. Bb7 Nd6+ 46. Kxd4
Nxb7 47. Kc4 Ke5 0-1

[Event "Open SSM A Agosto"]
[Site "Milano ITA"]
[Date "2010.08.02"]
[Round "5"]
[White "Corti, Massimo"]
[Black "Vallone, Ugo"]
[Result "0-1"]
[WhiteElo "2020"]
[BlackElo "1931"]
[PlyCount "104"]
[EventDate "2010.07.30"]

1. d4 e6 2. Nf3 f5 3. c4 Nf6 4. e3 d6 5. Nc3 c6 6. Bd3 d5 7. O-O a6 8. b3 Bd6
9. a4 Ne4 10. Qc2 O-O 11. Ba3 Bxa3 12. Rxa3 Qe7 13. Raa1 Nd7 14. Rad1 Kh8 15.
Nd2 Qg5 16. Rfe1 Qh4 17. Re2 Rf6 18. f3 Ng5 19. Nf1 Rg6 20. Kh1 Nf6 21. e4 fxe4
22. fxe4 dxe4 23. Nxe4 Nfxe4 24. Bxe4 Rf6 25. g3 Qg4 26. Bg2 Bd7 27. Ne3 Qh5
28. Rf1 Nf3 29. Bxf3 Rxf3 30. Ref2 Rxf2 31. Qxf2 Kg8 32. Qf3 Qxf3+ 33. Rxf3 b5
34. Ng4 bxa4 35. Ne5 Be8 36. bxa4 c5 37. a5 cxd4 38. Rd3 Rd8 39. Kg2 Bg6 40.
Nxg6 hxg6 41. Kf3 e5 42. Ke4 Re8 43. Rb3 Rc8 44. Kd5 Kf7 45. Kxe5 Rxc4 46. Rb7+
Kg8 47. Rb6 d3 48. Rxa6 Rd4 49. Ra8+ Kh7 50. a6 d2 51. Kxd4 d1=Q+ 52. Kc5 Qb3
0-1

[Event "Open SSM A Agosto"]
[Site "Milano ITA"]
[Date "2010.08.02"]
[Round "5"]
[White "Di Chiara, Mauro"]
[Black "Pierandrei, Cristiano"]
[Result "1/2-1/2"]
[WhiteElo "1965"]
[BlackElo "1919"]
[PlyCount "166"]
[EventDate "2010.07.30"]

1. d4 d5 2. Nf3 Nf6 3. c4 c6 4. Nc3 dxc4 5. a4 e6 6. e3 c5 7. Bxc4 Nc6 8. O-O
Be7 9. Re1 O-O 10. d5 exd5 11. Nxd5 Nxd5 12. Bxd5 Qd6 13. e4 Qg6 14. Bf4 Bg4
15. Qb3 Na5 16. Qc3 Bxf3 17. Qxf3 Qb6 18. Qg3 Rfe8 19. Bc7 Qa6 20. Ra3 Nc6 21.
Rf3 Rf8 22. b3 Nd4 23. Rd3 Rac8 24. Be5 Bf6 25. Bxf6 Qxf6 26. Bxb7 Rcd8 27. Bd5
Rfe8 28. f4 h6 29. Bc4 a5 30. e5 Qf5 31. Rdd1 Re7 32. Qe3 Rb8 33. Bd3 Qc8 34.
Qe4 g6 35. Bc4 Kg7 36. Re3 Rb6 37. Rg3 Nf5 38. Rgd3 Nd4 39. h3 Reb7 40. Bd5 Rb8
41. Qe1 Qa6 42. Bc4 Qa8 43. Qh4 Qe4 44. Kh1 Nf5 45. Qe1 Qxe1+ 46. Rxe1 Nd4 47.
Rc1 Ne2 48. Rf1 h5 49. f5 h4 50. Kh2 Nd4 51. fxg6 fxg6 52. Rf7+ Kh6 53. Ra7
Nxb3 54. Bxb3 Rxb3 55. Rxb3 Rxb3 56. Rxa5 Rb4 57. e6 Re4 58. Rxc5 Rxa4 59. e7
Re4 60. Rc4 Rxe7 61. Rxh4+ Kg5 62. Rg4+ Kh5 63. Kg3 Rf7 64. Rd4 Rf5 65. Rh4+
Kg5 66. Rh8 Rb5 67. h4+ Kf6 68. Rf8+ Kg7 69. Rf4 Ra5 70. Kg4 Rb5 71. Re4 Rf5
72. g3 Kh6 73. Rf4 Rb5 74. Kf3 g5 75. Rf6+ Kg7 76. hxg5 Rxg5 77. Ra6 Rb5 78.
Ra2 Kg6 79. Kg4 Rb4+ 80. Kh3 Kg5 81. Ra5+ Kg6 82. g4 Rb8 83. Ra2 Kg5 1/2-1/2

[Event "Open SSM A Agosto"]
[Site "Milano ITA"]
[Date "2010.08.02"]
[Round "5"]
[White "Gonella, Daniele"]
[Black "Agrifoglio, Fabio"]
[Result "1-0"]
[WhiteElo "1982"]
[BlackElo "2014"]
[PlyCount "90"]
[EventDate "2010.07.30"]

1. d4 d6 2. e4 Nf6 3. Nc3 g6 4. Bc4 Bg7 5. Nge2 Nc6 6. O-O O-O 7. f3 e5 8. d5
Ne7 9. Be3 Kh8 10. Qd2 Nfg8 11. a4 a6 12. b4 f5 13. b5 Rf7 14. Rfd1 Qf8 15.
bxa6 bxa6 16. Rab1 Nf6 17. Rf1 fxe4 18. Nxe4 Nf5 19. N2c3 Nxe3 20. Qxe3 h6 21.
Nxf6 Rxf6 22. Ne4 Rf5 23. Qd2 Qe7 24. Bd3 Rf8 25. Rb4 c5 26. Rb6 Qa7 27. a5 Rd8
28. c4 Qe7 29. Rfb1 Bf5 30. Ng3 Qf8 31. Qc2 Bxd3 32. Qxd3 e4 33. Nxe4 Qf4 34.
g3 Qe5 35. Kg2 Rd7 36. Rb8+ Rd8 37. Rxd8+ Rxd8 38. Rb6 Qa1 39. Nxd6 Qxa5 40.
Nf7+ Kh7 41. Qxg6+ Kg8 42. Nxh6+ Kh8 43. Nf7+ Kg8 44. Nxd8 Qd2+ 45. Kh3 Qe2 1-0

[Event "Open SSM A Agosto"]
[Site "Milano ITA"]
[Date "2010.08.02"]
[Round "5"]
[White "Pace, Pietro Dario"]
[Black "Giannotti, Salvatore"]
[Result "1-0"]
[WhiteElo "2305"]
[BlackElo "1865"]
[PlyCount "63"]
[EventDate "2010.07.30"]

1. e4 d6 2. d4 Nf6 3. Nc3 Nbd7 4. Nf3 e5 5. g3 c6 6. a4 a5 7. Bg2 Be7 8. O-O
O-O 9. Re1 Re8 10. b3 Qc7 11. Bb2 Nf8 12. h3 Ng6 13. d5 Bf8 14. Qd3 cxd5 15.
exd5 e4 16. Nxe4 Nxe4 17. Rxe4 Bf5 18. Rc4 Qd7 19. Qc3 Rec8 20. Nd4 Bxh3 21.
Ne6 Bxe6 22. dxe6 fxe6 23. Re1 Rxc4 24. Qxc4 d5 25. Qd3 Bc5 26. Rxe6 Rd8 27.
Bxd5 Kh8 28. Rxg6 Qxd5 29. Qxd5 Rxd5 30. Rxg7 Bd4 31. Bxd4 Rxd4 32. Rxb7 1-0

[Event "Open SSM A Agosto"]
[Site "Milano ITA"]
[Date "2010.08.02"]
[Round "5"]
[White "Paganini, Andrea"]
[Black "Regorda, Vittorio"]
[Result "0-1"]
[WhiteElo "1810"]
[BlackElo "1859"]
[PlyCount "70"]
[EventDate "2010.07.30"]

1. e4 e5 2. Nf3 d6 3. d4 exd4 4. Nxd4 Be7 5. Bc4 Nf6 6. Nc3 O-O 7. O-O c6 8. a4
Bg4 9. f3 Bc8 10. Qe2 Re8 11. Be3 Nbd7 12. Nf5 Bf8 13. Ng3 d5 14. Bb3 Nc5 15.
Bxc5 Bxc5+ 16. Kh1 d4 17. Qc4 Qe7 18. e5 Nd7 19. Nf5 Qf8 20. f4 Nb6 21. Qd3
dxc3 22. Qxc3 Nd5 23. Bxd5 cxd5 24. Nxg7 Kxg7 25. Rf3 d4 26. Rg3+ Kh8 27. Qf3
Re7 28. Qd5 Bb6 29. a5 Be6 30. Qb5 Bc7 31. Qxb7 Bxa5 32. Qb5 Bb6 33. Rf1 Rc8
34. Qa4 Qe8 35. Qa3 Rxc2 0-1

[Event "Open SSM A Agosto"]
[Site "Milano ITA"]
[Date "2010.08.02"]
[Round "5"]
[White "Papale, Carmelo"]
[Black "Bisignano, Giuseppe"]
[Result "0-1"]
[WhiteElo "1873"]
[BlackElo "1940"]
[PlyCount "118"]
[EventDate "2010.07.30"]

1. e4 c5 2. Nf3 d6 3. d4 cxd4 4. Nxd4 Nf6 5. Nc3 a6 6. Bg5 e6 7. f4 h6 8. Bh4
Be7 9. Qf3 Bd7 10. Bc4 Nc6 11. O-O-O Rc8 12. Nxc6 Bxc6 13. Bb3 Qa5 14. Rhe1 O-O
15. g4 d5 16. Bxf6 dxe4 17. Nxe4 Bxe4 18. Qxe4 Bxf6 19. Rg1 Rc5 20. Rd7 Rb5 21.
Kb1 Qb6 22. Rgd1 Rb4 23. Qf3 a5 24. a3 Rd4 25. R1xd4 Bxd4 26. Rxb7 Qa6 27. h4
a4 28. Ba2 Rd8 29. c3 Bc5 30. Ka1 Qd6 31. Bb1 Bxa3 32. bxa3 Qxa3+ 33. Ba2 Rd2
34. Rb8+ Kh7 35. Qe4+ g6 36. Qc4 Rc2 37. Rb7 Rc1+ 38. Rb1 Rxc3 39. Qb4 Qxb4 40.
Rxb4 a3 41. Bb1 Kg7 42. f5 gxf5 43. gxf5 e5 44. Re4 Kf6 45. Ra4 Rh3 46. Ka2 Ke7
47. Rg4 h5 48. Re4 Kd6 49. Bc2 Kd5 50. Ra4 f6 51. Bb3+ Kc5 52. Bf7 Rf3 53. Bg6
Kd5 54. Rxa3 Rf4 55. Rh3 e4 56. Kb2 Kd4 57. Kc2 e3 58. Kd1 Kd3 59. Rh1 Ra4 0-1

[Event "Open SSM A Agosto"]
[Site "Milano ITA"]
[Date "2010.08.02"]
[Round "5"]
[White "Quaranta, Cristiano"]
[Black "Pelizzola, Danilo"]
[Result "1/2-1/2"]
[WhiteElo "2126"]
[BlackElo "2092"]
[PlyCount "256"]
[EventDate "2010.07.30"]

1. d4 d6 2. Nf3 Nf6 3. c4 g6 4. Nc3 Bg7 5. e4 O-O 6. Be2 Nbd7 7. O-O e5 8. Be3
Re8 9. d5 a6 10. Nd2 Qe7 11. b4 b6 12. Nb3 Rf8 13. Rc1 Ne8 14. f3 f5 15. c5 Kh8
16. cxb6 cxb6 17. Na4 Rb8 18. Rc6 b5 19. Nb2 Bb7 20. Na5 Bc8 21. Qc2 Nef6 22.
Rc7 Qe8 23. Ba7 Bh6 24. Bxb8 Nxb8 25. Rc3 Qd8 26. Kh1 Nh5 27. g3 Bd7 28. Nc6
Nxc6 29. dxc6 Bc8 30. c7 Qg5 31. f4 exf4 32. Bxh5 Qxh5 33. gxf4 Qh4 34. exf5
Bxf4 35. Qg2 Bb7 36. Rcf3 gxf5 37. Nd3 Rg8 38. Qb2+ Be5 39. Nxe5 dxe5 40. Qxe5+
Rg7 41. Qe8+ Rg8 42. Qe5+ Rg7 43. c8=Q+ Bxc8 44. Rg1 Qe7 45. Qxg7+ Qxg7 46.
Rxg7 Kxg7 47. Rc3 Be6 48. Rc7+ Kf6 49. Rc6 Ke5 50. Rxa6 Bd5+ 51. Kg1 Kd4 52. a4
bxa4 53. Rxa4 Kc4 54. Ra7 h6 55. Kf2 Kxb4 56. Rc7 f4 57. Rh7 Kc5 58. Rxh6 Kd4
59. Rh5 Kc5 60. Rf5 f3 61. Re5 Kd6 62. Re8 Kd7 63. Re1 Be6 64. Kxf3 Ke7 65. Kf4
Kf6 66. h4 Bc4 67. Rc1 Be2 68. Rc6+ Kg7 69. Kg5 Bd3 70. Rc7+ Kg8 71. Kh6 Bf5
72. Rg7+ Kf8 73. Rg5 Bd3 74. Rd5 Be4 75. Rd7 Kg8 76. Kg5 Bc2 77. Rc7 Bd3 78.
Kf6 Be4 79. Re7 Bc2 80. Rg7+ Kh8 81. Kf7 Bb3+ 82. Kf8 Bc4 83. Rc7 Bb3 84. Rc5
Kh7 85. Rb5 Bc4 86. Rc5 Bb3 87. Rg5 Kh6 88. Ke7 Bc4 89. Kf6 Kh7 90. Rc5 Bd3 91.
Kg5 Be4 92. Rc7+ Kg8 93. Ra7 Bc2 94. Rd7 Be4 95. Rc7 Bd3 96. Rd7 Bc2 97. Re7
Bd3 98. Rd7 Bc2 99. Rd8+ Kh7 100. Rc8 Bd3 101. Rf8 Bc2 102. Ra8 Be4 103. Rb8
Bd3 104. Ra8 Be4 105. Rb8 Bd3 106. Rf8 Bc2 107. Rf2 Bd3 108. Rf3 Be4 109. Rc3
Bb1 110. Rc1 Bd3 111. Ra1 Bc2 112. Ra2 Bd3 113. Ra3 Bc2 114. Ra5 Bd3 115. h5
Bc2 116. Ra7+ Kg8 117. Kf6 Bd3 118. Rg7+ Kh8 119. Rg6 Kh7 120. Rg5 Bc2 121. Re5
Bd1 122. Kg5 Bc2 123. Re7+ Kg8 124. Kf6 Bd3 125. Rg7+ Kh8 126. Ra7 Kg8 127. h6
Bc2 128. h7+ Kh8 1/2-1/2

[Event "Open SSM A Agosto"]
[Site "Milano ITA"]
[Date "2010.08.02"]
[Round "5"]
[White "Rossi, Giampiero"]
[Black "Margstahler, Francesco"]
[Result "1-0"]
[WhiteElo "1916"]
[BlackElo "1804"]
[PlyCount "107"]
[EventDate "2010.07.30"]

1. d4 d5 2. c4 c6 3. cxd5 cxd5 4. Nc3 Nf6 5. Nf3 Nc6 6. Bf4 a6 7. e3 Bg4 8. Rc1
e6 9. Qb3 Bxf3 10. gxf3 Na5 11. Qa4+ Nc6 12. Bd3 Bd6 13. Bg3 O-O 14. O-O Bxg3
15. hxg3 Re8 16. Kg2 e5 17. dxe5 Nxe5 18. Rfd1 b5 19. Qh4 Nxd3 20. Rxd3 Re5 21.
Rcd1 Qd6 22. a3 Qe6 23. g4 Qc6 24. g5 h6 25. gxf6 Rg5+ 26. Kf1 Qxf6 27. Ke2 Re8
28. Nxd5 Qxb2+ 29. R1d2 Qc1 30. Qd4 Qh1 31. Rd1 Qh2 32. Qf4 Qh5 33. Nc3 Rge5
34. Rd8 f6 35. Rxe8+ Qxe8 36. Qd4 h5 37. f4 Re6 38. Qd8 Qxd8 39. Rxd8+ Kh7 40.
Kf3 f5 41. Ne2 h4 42. Nd4 Rf6 43. Rc8 g6 44. Rc6 Rxc6 45. Nxc6 Kh6 46. Nb4 a5
47. Nc6 b4 48. axb4 axb4 49. Nxb4 g5 50. fxg5+ Kxg5 51. Nd5 Kg6 52. Kf4 Kh6 53.
Ne7 Kh5 54. Nxf5 1-0

[Event "Open SSM A Agosto"]
[Site "Milano ITA"]
[Date "2010.08.02"]
[Round "5"]
[White "Tagliaferri, Valerio"]
[Black "Simone, Marco"]
[Result "1/2-1/2"]
[WhiteElo "1882"]
[BlackElo "1854"]
[PlyCount "117"]
[EventDate "2010.07.30"]

1. d4 g6 2. c4 Bg7 3. Nc3 d6 4. e4 c6 5. Be3 Nd7 6. Bd3 e5 7. Nge2 Ngf6 8. f3
Qb6 9. Qd2 exd4 10. Nxd4 c5 11. Ndb5 a6 12. Na3 Ne5 13. Be2 O-O 14. O-O-O Rd8
15. g4 Be6 16. Bh6 Nc6 17. Nc2 Na5 18. Bxg7 Kxg7 19. Ne3 Qb4 20. g5 Ne8 21.
Ned5 Bxd5 22. Nxd5 Qxd2+ 23. Rxd2 Nc6 24. Nb6 Rab8 25. f4 Nc7 26. Bd3 Ne6 27.
Rf2 Ned4 28. b3 Re8 29. Rhf1 Rbd8 30. Kd2 Rf8 31. f5 Ne5 32. Bb1 f6 33. h4 fxg5
34. hxg5 Rf7 35. f6+ Kg8 36. Rh1 Ndf3+ 37. Ke3 Nxg5 38. Rf4 Ne6 39. Rfh4 h5 40.
Nd5 Ng4+ 41. Rxg4 hxg4 42. Ne7+ Rxe7 43. fxe7 Re8 44. Rh6 Kg7 45. Rh4 Rxe7 46.
Rxg4 g5 47. a3 Rf7 48. Bd3 Rf4 49. Rxg5+ Nxg5 50. Kxf4 Ne6+ 51. Ke3 Kf6 52. b4
b6 53. b5 axb5 54. cxb5 Ke5 55. Bc4 Nc7 56. a4 d5 57. exd5 Nxd5+ 58. Bxd5 Kxd5
59. Kd3 1/2-1/2

[Event "Open SSM A Agosto"]
[Site "Milano ITA"]
[Date "2010.08.03"]
[Round "6"]
[White "Agrifoglio, Fabio"]
[Black "Colombo, Luca"]
[Result "0-1"]
[WhiteElo "2014"]
[BlackElo "1907"]
[PlyCount "60"]
[EventDate "2010.07.30"]

1. d4 Nf6 2. c4 e5 3. dxe5 Ng4 4. Bf4 g5 5. Bg3 Bg7 6. Nf3 Nc6 7. e6 fxe6 8.
Qd2 Nge5 9. Nxe5 Nxe5 10. e4 h5 11. f3 b6 12. h4 g4 13. f4 Nc6 14. Nc3 d6 15.
Bf2 Bb7 16. g3 Qf6 17. Bg2 O-O-O 18. O-O Na5 19. Qe2 Ba6 20. e5 dxe5 21. Ne4
Bxc4 22. Qc2 Qe7 23. Rfc1 Bd3 24. Qa4 exf4 25. b4 Rd4 26. Bxd4 Bxd4+ 27. Nf2
fxg3 28. Ba8 gxf2+ 29. Kg2 Bxa1 30. Rxa1 Qxh4 0-1